[Event "Villandry Lallemand Memorial op"]
[Site "Villandry"]
[Date "2017.06.11"]
[Round "6"]
[White "Guyon, Cyndie"]
[Black "Benmesbah, Natacha"]
[Result "0-1"]
[WhiteElo "2020"]
[BlackElo "2390"]
[PlyCount "96"]
[EventDate "2017.06.10"]
[EventType "swiss (rapid)"]
[EventRounds "10"]
[EventCountry "FRA"]
[SourceTitle "EXT 2019"]
[Source "ChessBase"]
[SourceDate "2018.10.10"]
[SourceVersion "1"]
[SourceVersionDate "2018.10.10"]
[SourceQuality "1"]

1. d4 Nf6 2. Bg5 e6 3. e3 h6 4. Bxf6 Qxf6 5. c3 d5 6. Nd2 Bd6 7. Bd3 e5 8. dxe5 Bxe5 9. Ngf3 Bd6 10. Qb3 c6 11. Nd4 0-0 12. N2f3 Nd7 13. Qc2 Nc5 14. Bf5 Re8 15. 0-0 Ne4 16. Bxc8 Raxc8 17. h3 c5 18. Nb5 Bb8 19. Rad1 Qc6 20. Na3 b5 21. Qe2 a6 22. Nc2 Rcd8 23. Nd2 Qc7 24. Nf3 Ng5 25. Nce1 Re6 26. h4 Ne4 27. Nd3 g5 28. hxg5 hxg5 29. g3 Rh6 30. Nde5 f6 31. Ng4 Rh3 32. Nxf6+ Nxf6 33. Kg2 Rxg3+ 34. fxg3 Qxg3+ 35. Kh1 Kg7 36. Qg2 Rh8+ 37. Kg1 Qxg2+ 38. Kxg2 g4 39. Ng5 Rh2+ 40. Kg1 Rxb2 41. Rf2 Rxf2 42. Kxf2 Kg6 43. Ne6 Ne4+ 44. Kg2 Kf6 45. Nf4 Bxf4 46. exf4 Nxc3 47. Rd2 d4 48. Kg3 Ne4+ 0-1

[Event "FRA-chT3"]
[Site "France"]
[Date "2011.12.11"]
[Round "3"]
[White "Guyon, Cyndie"]
[Black "Lassalle, Arnaud"]
[Result "0-1"]
[WhiteElo "1921"]
[BlackElo "2064"]
[PlyCount "50"]
[EventDate "2012.01.20"]
[EventType "team-match"]
[EventRounds "9"]
[EventCountry "FRA"]
[SourceTitle "EXT 2014"]
[Source "ChessBase"]
[SourceDate "2013.11.20"]
[SourceVersion "1"]
[SourceVersionDate "2013.11.20"]
[SourceQuality "1"]

1. d4 Nf6 2. Bg5 Ne4 3. Bh4 c6 4. c3 Qb6 5. Qc2 d5 6. Nd2 Bf5 7. Nxe4 Bxe4 8. Qd2 Nd7 9. e3 e5 10. Ne2 Bd6 11. Bg3 0-0 12. c4 Bb4 13. Nc3 exd4 14. exd4 Rfe8 15. Kd1 Nf6 16. Be5 dxc4 17. Bxf6 gxf6 18. a3 Rad8 19. Kc1 Rxd4 20. Qe3 Bxc3 21. Qxc3 Qb3 22. Qxb3 cxb3 23. Be2 Bxg2 24. Rg1 Rxe2 25. Rxg2+ Kf8 0-1

[Event "FRA-chT4 1011"]
[Site "Champagne Ardennes"]
[Date "2011.02.06"]
[Round "5"]
[White "Guyon, Cyndie"]
[Black "Durant, Christophe"]
[Result "1/2-1/2"]
[WhiteElo "1914"]
[BlackElo "1953"]
[PlyCount "58"]
[EventDate "2010.10.10"]
[EventType "team-tourn"]
[EventRounds "7"]
[EventCountry "FRA"]
[SourceTitle "EXT 2024"]
[Source "ChessBase"]
[SourceDate "2023.10.10"]
[SourceVersion "1"]
[SourceVersionDate "2023.10.10"]
[SourceQuality "1"]

1. d4 d5 2. c4 Nc6 3. Nf3 Bg4 4. e3 e5 5. Be2 e4 6. Nfd2 Bxe2 7. Qxe2 Nb4 8. Na3 Nd3+ 9. Kf1 Bxa3 10. bxa3 f5 11. Rb1 Nf6 12. h3 0-0 13. g3 b6 14. Qd1 c5 15. dxc5 Nxc5 16. Bb2 Rc8 17. Bxf6 Rxf6 18. cxd5 Qxd5 19. Nb3 Nd3 20. Kg2 Rfc6 21. Nd4 Qxa2 22. Qb3+ Qxb3 23. Rxb3 Rc5 24. Rhb1 g6 25. h4 h5 26. Kf1 Ra5 27. Rd1 Kf7 28. f3 Nc5 29. Rc3 Rd8 1/2-1/2

[Event "FRA-chT4 1011"]
[Site "Champagne Ardennes"]
[Date "2010.12.12"]
[Round "3"]
[White "Guyon, Cyndie"]
[Black "Picard, Serge"]
[Result "1-0"]
[WhiteElo "1903"]
[BlackElo "2084"]
[PlyCount "83"]
[EventDate "2010.10.10"]
[EventType "team-tourn"]
[EventRounds "7"]
[EventCountry "FRA"]
[SourceTitle "EXT 2024"]
[Source "ChessBase"]
[SourceDate "2023.10.10"]
[SourceVersion "1"]
[SourceVersionDate "2023.10.10"]
[SourceQuality "1"]

1. d4 d5 2. c4 e6 3. Nc3 Nf6 4. cxd5 exd5 5. Bg5 c6 6. e3 Be7 7. Bd3 0-0 8. Nge2 Ng4 9. Bxe7 Qxe7 10. h3 Nh6 11. Qc2 f5 12. 0-0 Nd7 13. Ng3 g6 14. Rfe1 Nf6 15. Rab1 Ne4 16. Nce2 Qh4 17. b4 a6 18. a4 Nf7 19. b5 axb5 20. axb5 Bd7 21. bxc6 Bxc6 22. Bb5 Rfc8 23. Bxc6 bxc6 24. Nxe4 Qxe4 25. Qc5 Nd8 26. Ra1 Rab8 27. Ra7 Rb5 28. Qa3 Rb7 29. Rxb7 Nxb7 30. Qa7 Qe7 31. Rb1 Rc7 32. Qb8+ Kg7 33. Nf4 Rd7 34. Qc8 Nd8 35. Rb8 Rd6 36. Nd3 Qd7 37. Qa6 Kh6 38. Qa8 Nf7 39. Nc5 Qe7 40. Rb7 Qd8 41. Qa7 Ng5 42. h4 1-0